Flagi państw w Unii europejskiej - Statystyki

Ogólne statystyki
  • Ten quiz został rozwiązany 1 059 razy
  • Średni wynik to 23 z 26
Statystyki odpowiedzi
Obrazkowy Odpowiedź % Poprawnych
Włochy
98%
Belgia
96%
Czechy
96%
Francja
95%
Niemcy
95%
Austria
94%
Cypr
93%
Estonia
93%
Hiszpania
93%
Portugalia
93%
Grecja
92%
Szwecja
92%
Chorwacja
91%
Dania
91%
Finlandia
91%
Słowacja
91%
Łotwa
87%
Malta
87%
Rumunia
87%
Słowenia
87%
Litwa
86%
Holandia
85%
Irlandia
85%
Węgry
84%
Bułgaria
83%
Luksemburg
82%
Nie znaleziono quizów pasujących do podanych kryteriów
Rozkład punktacji
Procent ludzi z każdym wynikiem
Percentyl według liczby udzielonych odpowiedzi
Twoja historia wyników
Nie rozwiązałeś tego quizu